Las aventuras de Pinocho / (Registro nro. 10730)

Detalles MARC
000 -LIDER
fixed length control field 01063nam a22003137a 4500
001 - NÚMERO DE CONTROL
Identificador de número de control 000368
003 - IDENTIFICACDOR DE NÚMERO DE CONTROL
control field DO-SdBNP
005 - DATE AND TIME OF LATEST TRANSACTION
control field 20171116115533.0
007 - CAMPOS FIJOS DE DESCRIPCIÓN FÍSICA
fixed length control field 00368
008 - ELEMENTOS DE LONGITUD FIJA
fixed length control field 160706b 2002 sp a ||||| |||| 00| 0 spa d
020 ## - ISBN
International Standard Book Number 8446015250
040 ## - FUENTE DE CATALOGACIÓN
Agencia que crea de manera original el registro BPMSU
Idioma de catalogación spa
Agencia que realiza la transcripción BPMSU
082 #4 - NÚMERO DE CLASIFICACIÓN DECIMAL DE DEWEY
Classification number 853.8
Item number C714a
100 1# - ASIENTO PRINCIPAL -- NOMBRE PERSONAL
Nombre personal Collodi, Carlo,
Fechas asociadas con el nombre 1826-1890.
240 10 - TITULO UNIFORME
Título uniforme Le avventure di Pinocchio.
Idioma de una obra Español
245 13 - MENCIÓN DE TITULO
Título Las aventuras de Pinocho /
Mención de responsabilidad Carlo Collodi ; edición y traducción de José Sánchez López ; ilustraciones originales de Enrico Mazzanti.
260 0# - PUBLICACIÓN, DISTRIBUCIÓN, ETC. (PIE DE IMPRENTA)
Lugar de publicación, distribución, etc Madrid :
Nombre del editor, distribuidor, etc. Akal,
Fecha de publicación, distribución, etc 2002.
300 ## - DESCRIPCIÓN FÍSICA
Extensión 292 p. :
Otros detalles físicos il. ;
Dimensiones 22 cm.
490 1# - MENCIÓN DE SERIES
Mención de serie Akal/literaturas ;
Volume/sequential designation 6
650 #4 - ENCABEZAMIENTO DE MATERIA--TEMÁTICO
Término temático o nombre geográfico como elemento de entrada CUENTOS INFANTILES ITALIANOS
650 #4 - ENCABEZAMIENTO DE MATERIA--TEMÁTICO
Término temático o nombre geográfico como elemento de entrada LITERATURA INFANTIL ITALIANA
700 12 - ASIENTO SECUNDARIO -- NOMBRE PERSONAL
Nombre personal Sánchez López, José,
Fechas asociadas con el nombre 1943-
Mención de responsabilidad tr.
700 12 - ASIENTO SECUNDARIO -- NOMBRE PERSONAL
Nombre personal Mazzanti, Enrico,
Mención de responsabilidad il.
830 #0 - ASIENTO SECUNDARIO DE SERIE--TÍTULO UNIFORME
Título uniforme Akal/literaturas ;
Volume number/sequential designation 6
910 ## - VALIDACIÓN
Validación Validado. Control de calidad MFF
942 ## - ADDED ENTRY ELEMENTS (KOHA)
Source of classification or shelving scheme Dewey Decimal Classification
Koha item type Libros
945 ## - INFORMACIÓN DE PROCESAMIENTO LOCAL
Información de procesamiento local Inventariado extranjero / 2017 VM
956 ## - LOCAL ELECTRONIC LOCATION AND ACCESS (OCLC)
Método de acceso LOPEREZ
Materiales especificados 10
Enlace 20160706
Campo enlazado y núm. de secuencia BPMSU
Nombre de host 00041
Existencias
Withdrawn status Lost status Source of classification or shelving scheme Damaged status Not for loan Collection code Home library Current library Date acquired Source of acquisition Total Checkouts Full call number Barcode Date last seen Price effective from Koha item type Copy number
    Dewey Decimal Classification     Colección Infantil General Biblioteca Pública Metropolitana Salomé Ureña Biblioteca Pública Metropolitana Salomé Ureña 07/06/2016 Compra   853.8 C714a BPMSU16070162 07/06/2016 07/06/2016 Libros  
    Dewey Decimal Classification     Colección Infantil General Biblioteca Pública Metropolitana Salomé Ureña Biblioteca Pública Metropolitana Salomé Ureña 07/06/2016 Compra   853.8 C714a BPMSU16070163 07/06/2016 07/06/2016 Libros e. 2